[Event "XXIII Ayto. de Erandio"]
[Site ""]
[Date "2014.12.20"]
[Round "1.1"]
[White "Gomez Esteban, Juan Mario"]
[Black "Acedo Alonso, Javier"]
[Result "1-0"]
[WhiteElo "2446"]
[BlackElo "1788"]

1. Nf3 d5 2. g3 Nf6 3. Bg2 c6 4. O-O Bf5 5. d3 h6 6. c4 e6 7. Be3 dxc4 8. dxc4
Qxd1 9. Rxd1 Be7 10. Nc3 Nbd7 11. Nd4 Bg6 12. Nb3 Bb4 13. Rac1 a5 14. Na4 Be7
15. Nbc5 Rb8 16. Bf4 Nxc5 17. Nxc5 O-O 18. Bxb8 Rxb8 19. Nd3 Kf8 20. Ne5 Bf5
21. Rd7 Ke8 22. Rcd1 Ra8 23. Nxc6 1-0

[Event "XXIII Ayto. de Erandio"]
[Site ""]
[Date "2014.12.20"]
[Round "1.2"]
[White "Lopez De Castro, Joseph"]
[Black "Mate Adan, Carlos"]
[Result "0-1"]
[WhiteElo "1770"]
[BlackElo "2313"]

1. e4 g6 2. d4 Bg7 3. Nf3 b6 4. Be2 Bb7 5. Nc3 e6 6. O-O d6 7. Be3 Ne7 8. Qd2
h6 9. Rfe1 a6 10. Bd3 Nd7 11. Rad1 Kf8 12. h4 Kg8 13. Ne2 Nf6 14. Nc3 Qd7 15.
Nh2 e5 16. dxe5 dxe5 17. Qe2 Qe8 18. Ng4 Nxg4 19. Qxg4 h5 20. Qe2 Bf6 21. Bg5
Bxg5 22. hxg5 Qc6 23. Bc4 b5 24. Bb3 Re8 25. Nd5 Nxd5 26. Bxd5 Qb6 27. Bb3 c5
28. Bd5 Kg7 29. Bxb7 Qxb7 30. Rd5 Qe7 31. Qe3 c4 32. Qb6 Qxg5 33. Red1 h4 34.
Qe3 Qg4 35. Rd7 h3 36. Qf3 Qxf3 37. gxf3 Re6 38. R1d6 h2+ 39. Kh1 Rxd6 40. Rxd6
Rh3 41. Rxa6 Rxf3 42. Kg2 Rxf2+ 43. Kh1 g5 44. a4 b4 45. Rb6 g4 46. a5 g3 0-1

[Event "XXIII Ayto. de Erandio"]
[Site ""]
[Date "2014.12.20"]
[Round "1.3"]
[White "Nava Pereda, Carlos"]
[Black "Santas Martin, Jon Ander"]
[Result "1-0"]
[WhiteElo "2277"]
[BlackElo "1750"]

1. d4 d5 2. c4 e6 3. Nf3 Nf6 4. Nc3 Nbd7 5. e3 b6 6. Be2 Bb7 7. O-O Be7 8. Ne5
Nxe5 9. dxe5 Nd7 10. cxd5 exd5 11. Nxd5 Nxe5 12. Nxe7 Qxe7 13. Qa4+ Qd7 14. Qa3
c5 15. Qc3 f6 16. b4 Rc8 17. f3 O-O 18. Rd1 Qe7 19. bxc5 Rxc5 20. Qb3+ Qf7 21.
Ba3 Bd5 22. Qb1 Ra5 23. Bxf8 Kxf8 24. Qb4+ Kg8 25. e4 Bc6 26. Rd8+ Be8 27. Bb5
1-0

[Event "XXIII Ayto. de Erandio"]
[Site ""]
[Date "2014.12.20"]
[Round "1.4"]
[White "Plata Fernandez, Diego"]
[Black "Prieto Aranguren, Alain"]
[Result "0-1"]
[WhiteElo "1749"]
[BlackElo "2203"]

1. c4 Nf6 2. Nc3 g6 3. d4 Bg7 4. g3 O-O 5. Bg2 d6 6. Nf3 Nbd7 7. O-O c6 8. e4
e5 9. d5 cxd5 10. cxd5 Nc5 11. Qe2 a5 12. h3 b6 13. Rd1 Ba6 14. Qe3 Re8 15. Bf1
Bxf1 16. Kxf1 Qd7 17. Kg2 b5 18. Nd2 Nh5 19. Qe2 b4 20. Ncb1 f5 21. b3 fxe4 22.
Nxe4 Nxe4 23. Qxe4 Nf4+ 24. Bxf4 exf4 0-1

[Event "XXIII Ayto. de Erandio"]
[Site ""]
[Date "2014.12.20"]
[Round "1.5"]
[White "Arias Garcia, Luis Javier"]
[Black "Cendagortagalarza Rodriguez, Jos"]
[Result "1-0"]
[WhiteElo "2186"]
[BlackElo "1747"]

1. Nf3 Nf6 2. d4 e6 3. c4 c5 4. d5 exd5 5. cxd5 Bd6 6. Nc3 O-O 7. g3 Bc7 8. Bg2
d6 9. O-O a6 10. a4 Nbd7 11. Bf4 Re8 12. Qc2 Nf8 13. Rfe1 Ng6 14. Bg5 h6 15.
Bd2 Bd7 16. e4 b5 17. axb5 axb5 18. Rxa8 Qxa8 19. e5 Nxd5 20. exd6 Nb4 21. Qd1
Bxd6 22. Ne5 Qc8 23. Nxg6 fxg6 24. Ne4 Bf8 25. Bxb4 cxb4 26. Qd5+ Be6 27. Qxb5
Kh8 28. h4 Bc4 29. Qb6 Re6 30. Qd4 Ba6 31. Bh3 Rxe4 32. Qxe4 Qxh3 33. Qa8 Qc8
34. Qxc8 Bxc8 35. Re8 1-0

[Event "XXIII Ayto. de Erandio"]
[Site ""]
[Date "2014.12.20"]
[Round "1.6"]
[White "Gutierrez Renedo, Manuel"]
[Black "Ruiz Marana, Alejandro"]
[Result "0-1"]
[WhiteElo "1733"]
[BlackElo "2173"]

1. b3 d5 2. Bb2 Nf6 3. e3 c5 4. f4 Nc6 5. Bb5 Qb6 6. a4 Bd7 7. Nf3 e6 8. O-O
Be7 9. Bxc6 Bxc6 10. Ne5 O-O 11. Nxc6 bxc6 12. Qe1 c4 13. Ba3 Bxa3 14. Rxa3
cxb3 15. Rxb3 Qc5 16. Qc1 d4 17. Re1 Rad8 18. Kh1 Nd5 19. Qb2 Nb6 20. exd4 Rxd4
21. Re5 Qd6 22. a5 Nc4 23. Qc3 Nxe5 24. fxe5 Qxe5 25. d3 Rf4 26. g3 Qe2 0-1

[Event "XXIII Ayto. de Erandio"]
[Site ""]
[Date "2014.12.20"]
[Round "1.7"]
[White "Diez Fraile, David"]
[Black "Valverde Urbano, Alejandro"]
[Result "1-0"]
[WhiteElo "2147"]
[BlackElo "1711"]

1. d4 Nf6 2. Nf3 e6 3. c4 d5 4. g3 c5 5. cxd5 exd5 6. Bg2 Be7 7. O-O O-O 8. Nc3
b6 9. Ne5 Bb7 10. dxc5 Bxc5 11. Nd3 Nbd7 12. Nf4 Ne4 13. Nfxd5 Nxc3 14. Nxc3
Bxg2 15. Kxg2 Nf6 16. Qxd8 Raxd8 17. Bg5 Be7 18. Rad1 h6 19. Bf4 Rfe8 20. Rxd8
Rxd8 21. Rd1 Rxd1 22. Nxd1 Nd5 23. Bd2 a5 24. e4 Nb4 25. Bxb4 Bxb4 26. Kf3 f6
27. h4 h5 28. Ne3 Kf7 29. Ke2 g6 30. a4 Ke6 31. Nc4 Bc5 32. f3 Bd4 33. b3 Bc5
34. Ne3 Ke5 35. Kd3 Kd6 36. g4 Ke5 37. gxh5 gxh5 38. Nf5 Kf4 39. Ng7 Kxf3 40.
Nxh5 Be7 41. Ng7 Kf4 42. Nf5 Bc5 43. h5 Kg5 44. h6 Kg6 45. Kc4 Bb4 46. Kd5 Bf8
47. Ke6 Bc5 48. Ne7+ Kxh6 49. Kxf6 Bd4+ 50. e5 Kh7 51. Nf5 Bc3 52. Nd6 Kg8 53.
Ke6 Kf8 54. Nc4 Bd4 55. Kd7 Bc5 56. e6 1-0

[Event "XXIII Ayto. de Erandio"]
[Site ""]
[Date "2014.12.20"]
[Round "1.8"]
[White "Caballero Ibarlucea, Josu"]
[Black "Porras Campo, Ruben"]
[Result "0-1"]
[WhiteElo "1709"]
[BlackElo "2067"]

1. e4 c5 2. Bc4 Nc6 3. d3 e6 4. Nc3 a6 5. a4 Nf6 6. Bg5 Be7 7. f4 O-O 8. Nf3 d5
9. Ba2 d4 10. Bxf6 Bxf6 11. Ne2 b5 12. axb5 axb5 13. O-O Qc7 14. Kh1 Bb7 15.
Ng3 Nb4 16. Qb1 Qxf4 17. Nxd4 Qe5 18. Nxb5 Qxb2 19. c3 Bxc3 20. Nxc3 Qxc3 21.
Bc4 Rfd8 22. Rxa8 Bxa8 23. Rd1 Bc6 24. Ne2 Qe5 25. Qb3 Rb8 26. Qc3 Qxc3 27.
Nxc3 Ra8 28. Nb5 Kf8 29. Kg1 Ke7 30. Kf2 Bxb5 31. Bxb5 Ra2+ 32. Kf3 Nc2 33. Bc4
Nd4+ 34. Kg3 Ra7 35. Rb1 Nc6 36. Rb5 Kd6 37. Rb3 Ke5 38. Rb6 Nb4 39. Kf3 Rd7
40. Ke2 Kd4 41. Rb8 Nc6 42. Rb3 0-1

[Event "XXIII Ayto. de Erandio"]
[Site ""]
[Date "2014.12.20"]
[Round "1.9"]
[White "Ibarretxe Campo, Lander"]
[Black "Rodriguez Cordero, Jose Manuel"]
[Result "1-0"]
[WhiteElo "2065"]
[BlackElo "1706"]

1. Nf3 e6 2. c4 f5 3. g3 Nf6 4. Bg2 d5 5. O-O Be7 6. d4 c6 7. b3 O-O 8. Ba3
Bxa3 9. Nxa3 Nbd7 10. cxd5 exd5 11. e3 Ne4 12. Qc2 Qe7 13. Nb1 Ndf6 14. Nc3
Nxc3 15. Qxc3 Ne4 16. Qd3 Bd7 17. Ne5 a6 18. f3 Nd6 19. Rac1 Nf7 20. Nxf7 Rxf7
21. Rfe1 Qg5 22. Kf2 Re7 23. a4 Rae8 24. b4 Qf6 25. Qc3 g5 26. Qc5 f4 27. exf4
Rxe1 28. Rxe1 Rxe1 29. Kxe1 gxf4 30. Kf2 Bf5 31. Bf1 fxg3+ 32. hxg3 Qh6 33. Qa7
Qd2+ 34. Be2 Bd3 35. Qb8+ Kf7 36. Qxb7+ Kf8 37. Qc8+ Kf7 38. Qd7+ 1-0

[Event "XXIII Ayto. de Erandio"]
[Site ""]
[Date "2014.12.20"]
[Round "1.10"]
[White "Acedo Pena, Javier"]
[Black "Sadusea, Johnny"]
[Result "0-1"]
[WhiteElo "1687"]
[BlackElo "2055"]

1. c4 Nf6 2. Nc3 e6 3. Nf3 d5 4. d4 c6 5. e3 Nbd7 6. Bd3 Bd6 7. O-O O-O 8. Re1
dxc4 9. Bxc4 e5 10. Qc2 exd4 11. exd4 h6 12. h3 Nb6 13. Bd3 Be6 14. b3 Nbd5 15.
a3 Nxc3 16. Qxc3 Nd5 17. Qc2 Qf6 18. Bb2 Bxh3 19. Ne5 Nf4 20. g3 Nxd3 21. Qxd3
Rad8 22. Qc3 Be6 23. Re4 Bd5 24. Rf4 Qe6 25. Rh4 f6 26. Ng4 Rfe8 27. Ne3 Bxb3
28. Qd3 Bd5 29. Nxd5 cxd5 30. Qg6 f5 31. Qh5 Qf7 32. Qf3 Re4 33. Rh3 Rde8 34.
Bc3 Qg6 35. Kh2 Qg4 36. Qd3 f4 37. gxf4 Bxf4+ 38. Kh1 Re3 39. Rxe3 Rxe3 40.
fxe3 Qh3+ 0-1

[Event "XXIII Ayto. de Erandio"]
[Site ""]
[Date "2014.12.21"]
[Round "2.1"]
[White "Martinez Fernandez, Adrian"]
[Black "Gomez Esteban, Juan Mario"]
[Result "1-0"]
[WhiteElo "1895"]
[BlackElo "2446"]

1. e4 c5 2. Nf3 d6 3. d4 cxd4 4. Nxd4 Nf6 5. Nc3 Nc6 6. Bc4 e6 7. Be3 a6 8. f3
Qc7 9. Bb3 Be7 10. Qd2 O-O 11. O-O-O Na5 12. g4 b5 13. Kb1 Nc4 14. Bxc4 bxc4
15. g5 Nd7 16. h4 Rb8 17. Rdg1 Qb7 18. Nd1 Nc5 19. h5 d5 20. g6 Bf6 21. Bh6 Na4
22. gxh7+ Kh8 23. Bxg7+ Bxg7 24. Rxg7 Nxb2 25. Qg5 Nxd1+ 26. Nb3 Nc3+ 27. Ka1
f6 28. Rg8+ 1-0

[Event "XXIII Ayto. de Erandio"]
[Site ""]
[Date "2014.12.21"]
[Round "2.2"]
[White "Mate Adan, Carlos"]
[Black "Goiria Egidazu, Jon Asel"]
[Result "1-0"]
[WhiteElo "2313"]
[BlackElo "1957"]

1. e4 e5 2. Nc3 Nf6 3. Bc4 Nc6 4. d3 Na5 5. Nge2 Be7 6. O-O O-O 7. a4 Nxc4 8.
dxc4 d6 9. b3 c6 10. Qd3 Be6 11. Ba3 Qc7 12. Rad1 Rad8 13. Rfe1 d5 14. Bxe7
Qxe7 15. cxd5 cxd5 16. exd5 Nxd5 17. Nxd5 Bxd5 18. Qe3 a6 19. Nc3 Bc6 20. Qxe5
Qxe5 21. Rxe5 Rxd1+ 22. Nxd1 Rd8 23. Re1 Rd2 24. Ne3 f5 25. Nxf5 Rxc2 26. Ne7+
Kf7 27. Nxc6 Rxc6 28. g3 Rc3 29. Re3 Rc1+ 30. Kg2 Rb1 31. h4 h5 32. Kf3 Rb2 33.
Rd3 Ke6 34. Kf4 Rxf2+ 35. Kg5 Rf5+ 36. Kg6 Re5 37. Rf3 b5 38. Kxg7 bxa4 39.
bxa4 a5 40. Kg6 Re4 41. Kxh5 Rxa4 42. g4 Rb4 43. g5 a4 44. g6 1-0

[Event "XXIII Ayto. de Erandio"]
[Site ""]
[Date "2014.12.21"]
[Round "2.3"]
[White "Uria Ramirez, Aitor"]
[Black "Nava Pereda, Carlos"]
[Result "0-1"]
[WhiteElo "1891"]
[BlackElo "2277"]

1. e4 e6 2. d4 d5 3. Nc3 Nf6 4. Bg5 Be7 5. e5 Nfd7 6. h4 c5 7. f4 f6 8. exf6
Nxf6 9. Nf3 O-O 10. Bd3 c4 11. Bxf6 gxf6 12. Be2 b5 13. Qd2 b4 14. Nd1 Nc6 15.
c3 Rb8 16. Ne3 bxc3 17. bxc3 Ba3 18. O-O Rb2 19. Qe1 Rb7 20. Bd1 Bb2 21. Ba4
Ne7 22. Rb1 Qa5 23. Nd1 Bxc3 24. Nxc3 Rxb1 25. Qg3+ Kh8 26. Nxb1 Qxa4 27. Qf2
Bd7 28. h5 Nf5 29. g4 Rg8 30. g5 Be8 31. Kh2 Bxh5 32. gxf6 Bxf3 33. f7 Rf8 34.
Qxf3 Qc2+ 35. Kh3 Nxd4 36. Qe3 Qf5+ 0-1

[Event "XXIII Ayto. de Erandio"]
[Site ""]
[Date "2014.12.21"]
[Round "2.4"]
[White "Prieto Aranguren, Alain"]
[Black "Garjon Modrego, Miguel"]
[Result "1-0"]
[WhiteElo "2203"]
[BlackElo "1914"]

1. c4 Nf6 2. Nc3 g6 3. e4 d6 4. d4 Bg7 5. Be2 h5 6. Nf3 Bg4 7. h3 Bxf3 8. Bxf3
c6 9. O-O Nbd7 10. Be3 Qc7 11. Qd2 a6 12. Rac1 O-O 13. b4 e5 14. d5 c5 15. Na4
b6 16. Rb1 a5 17. bxc5 bxc5 18. Rb5 Rfb8 19. Rfb1 Rxb5 20. Rxb5 Rb8 21. Qb2
Rxb5 22. Qxb5 Qb8 23. Bd2 Bf8 24. Bxa5 g5 25. g3 g4 26. hxg4 hxg4 27. Bg2 Qa7
28. Nb6 Kg7 29. a4 Nxb6 30. Bxb6 Qa8 31. a5 Be7 32. a6 Qh8 33. a7 Qh6 34. Qb1
Qh8 35. Bc7 Qc8 36. Qb8 1-0

[Event "XXIII Ayto. de Erandio"]
[Site ""]
[Date "2014.12.21"]
[Round "2.5"]
[White "Regillaga Otano, Jon"]
[Black "Arias Garcia, Luis Javier"]
[Result "0-1"]
[WhiteElo "1801"]
[BlackElo "2186"]

1. d4 Nf6 2. c4 e6 3. Nc3 Bb4 4. Nf3 b6 5. g3 Bb7 6. Bg2 c5 7. O-O cxd4 8. Nb5
a6 9. Nbxd4 O-O 10. Nd2 Bxg2 11. Kxg2 Qc7 12. Qb3 Be7 13. Qd3 d6 14. b3 Nbd7
15. N4f3 Nc5 16. Qe3 Qb7 17. h3 b5 18. Bb2 Rac8 19. Rac1 Rfd8 20. Kh2 h6 21.
Rfd1 d5 22. cxb5 axb5 23. Ne5 b4 24. Bd4 Qb5 25. Ndf3 Nfe4 26. Nd2 Nf6 27. Ndf3
Nce4 28. Nd2 Nd6 29. Ndf3 Nfe4 30. Nd2 Nf5 31. Rxc8 Nxe3 32. Rxd8+ Bxd8 33.
Bxe3 Qxe2 34. Rc1 Nxf2 0-1

[Event "XXIII Ayto. de Erandio"]
[Site ""]
[Date "2014.12.21"]
[Round "2.6"]
[White "Salas Martin, Javier"]
[Black "Diez Fraile, David"]
[Result "0-1"]
[WhiteElo "1796"]
[BlackElo "2147"]

1. d4 d5 2. c4 e6 3. Nc3 Nf6 4. Nf3 c6 5. e3 Nbd7 6. Qc2 Bd6 7. g4 Nxg4 8. Rg1
Qf6 9. Rxg4 Qxf3 10. Rxg7 Nf6 11. h3 Ne4 12. Nxe4 Qxe4 13. Qxe4 dxe4 14. Bd2
Bd7 15. O-O-O Kf8 16. Rg1 Ke7 17. Bg2 f5 18. f3 Rhg8 19. Bh1 exf3 20. Bxf3 Bh2
21. Rh1 Bg3 22. Rdf1 Raf8 23. e4 fxe4 24. Bxe4 h5 25. Bh7 Rxf1+ 26. Rxf1 Rg7
27. Rf3 h4 28. Be4 e5 29. Bb4+ Kd8 30. d5 cxd5 31. cxd5 Bf4+ 32. Kc2 Rg2+ 33.
Kb3 Rg3 34. Be1 Bxh3 35. Bxg3 hxg3 36. Kc4 g2 0-1

[Event "XXIII Ayto. de Erandio"]
[Site ""]
[Date "2014.12.21"]
[Round "2.7"]
[White "Porras Campo, Ruben"]
[Black "Buiza Prieto, Eihartze"]
[Result "1-0"]
[WhiteElo "2067"]
[BlackElo "1887"]

1. d4 Nf6 2. c4 c5 3. d5 b5 4. f3 d6 5. cxb5 a6 6. e4 axb5 7. Bxb5+ Bd7 8. Bc4
g6 9. Ne2 Bg7 10. O-O Qb6 11. Nbc3 O-O 12. Rb1 Na6 13. Bg5 Nc7 14. a4 e6 15.
dxe6 Bxe6 16. Bxe6 fxe6 17. Qc2 Nd7 18. Be3 Na6 19. Rfd1 Ne5 20. Nb5 Rad8 21.
b4 Qc6 22. bxc5 dxc5 23. Bg5 Rxd1+ 24. Rxd1 Rxf3 25. Rd6 Qb7 26. Nf4 Nf7 27.
gxf3 Nxd6 28. Nxd6 Qd7 29. Nxe6 Qxe6 30. Qc4 Qxc4 31. Nxc4 Bd4+ 32. Kf1 Kf7 33.
Ke2 Ke6 34. Be3 Bg7 35. Nd2 Bf8 36. Kd3 Kd6 37. Kc4 Kc6 38. Nb3 Be7 39. f4 Bd6
40. h3 Be7 41. f5 gxf5 42. exf5 Bf8 43. f6 h5 44. f7 h4 45. a5 1-0

[Event "XXIII Ayto. de Erandio"]
[Site ""]
[Date "2014.12.21"]
[Round "2.8"]
[White "Sadusea, Johnny"]
[Black "Pena Ugarte, Fco. Jesus"]
[Result "1-0"]
[WhiteElo "2055"]
[BlackElo "1826"]

1. e4 c5 2. Nc3 Nc6 3. Bb5 a6 4. Bxc6 bxc6 5. f4 d5 6. d3 Rb8 7. Nf3 Bg4 8. O-O
e6 9. Qe1 Bxf3 10. Rxf3 Nf6 11. e5 Ng4 12. f5 exf5 13. h3 Nh6 14. Bxh6 gxh6 15.
e6 f6 16. Qh4 Qe7 17. Rxf5 Bg7 18. Qh5+ Kd8 19. Re1 Rxb2 20. Nxd5 cxd5 21.
Rxd5+ Kc8 22. Rd7 1-0

[Event "XXIII Ayto. de Erandio"]
[Site ""]
[Date "2014.12.21"]
[Round "2.9"]
[White "Reguillaga Elias, Manex"]
[Black "Saez Gabikagogeaskoa, Oscar"]
[Result "0-1"]
[WhiteElo "1476"]
[BlackElo "1983"]

1. d4 Nf6 2. c4 c5 3. d5 b5 4. cxb5 a6 5. bxa6 Bxa6 6. Nc3 g6 7. e4 Bxf1 8.
Kxf1 d6 9. Nf3 Nbd7 10. g3 Bg7 11. Kg2 O-O 12. Re1 Ra6 13. a4 Qa8 14. Nb5 Qb7
15. Ra2 Rfa8 16. b3 Rb6 17. Rc2 Ne8 18. Nd2 Nc7 19. Nc4 Nxb5 20. Nxb6 Qxb6 21.
axb5 Qxb5 22. Bb2 Qxb3 23. Bxg7 Kxg7 24. Qc1 Ne5 25. Re3 Qa4 26. Rcc3 Ng4 27.
Re2 Rb8 28. Rc4 Qa6 29. Rb2 Ra8 30. Rc3 Ne5 31. Rbb3 Qa4 32. Re3 Ng4 33. Qb2+
f6 34. Re1 Ne5 35. Rb8 Nd3 36. Rxa8 Nxe1+ 37. Kf1 Qxa8 38. Kxe1 Qa5+ 39. Ke2
Kf7 40. Kf3 Qe1 41. Qc2 Qh1+ 42. Ke3 Qxh2 43. Qa4 Qh3 44. Qc6 f5 45. e5 f4+ 46.
Kxf4 Qf5+ 47. Ke3 Qxe5+ 48. Kd3 Qd4+ 49. Ke2 c4 50. Kf3 c3 51. g4 Qd3+ 52. Kf4
c2 53. Qc8 Qd4+ 54. Kg3 Qe5+ 55. Kh3 Qe2 56. Kg3 Qe4 57. Kh4 h5 58. f3 Qe1+ 59.
Kh3 c1=Q 0-1

[Event "XXIII Ayto. de Erandio"]
[Site ""]
[Date "2014.12.21"]
[Round "2.10"]
[White "Rodriguez Gonzalez, Alex"]
[Black "Mendez Nuñez, Jose Antonio"]
[Result "1-0"]
[WhiteElo "1963"]
[BlackElo "1798"]

1. e4 d6 2. Nc3 Nf6 3. f4 Bg4 4. Nf3 Nbd7 5. Bc4 e6 6. d3 c6 7. O-O b5 8. Bb3
Nc5 9. h3 Nxb3 10. axb3 b4 11. Na4 Bxf3 12. Qxf3 Nd7 13. f5 e5 14. Be3 Be7 15.
Kh2 c5 16. Qg4 Bf6 17. Qh5 h6 18. c3 a5 19. Qf3 Bg5 20. d4 Bxe3 21. Qxe3 exd4
22. cxd4 Qe7 23. Rac1 Rc8 24. Qg3 O-O 25. Nb6 Rce8 26. Nxd7 Qxd7 27. f6 g6 28.
Qe3 Kh7 29. dxc5 dxc5 30. Rxc5 Re6 31. e5 Qd8 32. Rc4 Qb8 33. Re4 Rfe8 34. Re1
Rxf6 35. Kh1 Rf5 36. g4 Qb7 37. Kh2 Rg5 38. h4 f5 39. exf6 Rxe4 40. Qxe4 Qxe4
41. Rxe4 Rd5 42. Re7+ Kg8 43. Rg7+ Kf8 44. Rxg6 Rd2+ 45. Kg3 Rxb2 46. Rxh6
Rxb3+ 47. Kf4 Rb1 48. g5 b3 49. g6 Rf1+ 50. Kg5 Kg8 51. f7+ Kg7 52. Rh7+ Kf8
53. Rh8+ Ke7 54. Re8+ Kd7 55. f8=Q Rxf8 56. Rxf8 a4 57. g7 1-0

[Event "XXIII Ayto. de Erandio"]
[Site ""]
[Date "2014.12.21"]
[Round "3.1"]
[White "Diez Fraile, David"]
[Black "Mate Adan, Carlos"]
[Result "1/2-1/2"]
[WhiteElo "2147"]
[BlackElo "2313"]

1. e4 d5 2. exd5 Nf6 3. d4 Bg4 4. Nf3 Qxd5 5. Be2 e6 6. Be3 Be7 7. Nbd2 O-O 8.
h3 Bh5 9. O-O Qd8 10. c4 Nbd7 11. Ne5 Bxe2 12. Qxe2 Nxe5 13. dxe5 Nd7 14. Nf3
c6 15. Rfd1 Qc7 16. Bd4 Rfd8 17. Qe3 c5 18. Bc3 Nf8 19. Rd2 Rxd2 20. Nxd2 Ng6
21. Nf1 Rd8 22. Ng3 h6 23. f4 Qc6 24. Rf1 Nh4 25. Rf2 Rd1+ 26. Kh2 Qa4 27. Qe2
Qd7 28. Qe4 Ng6 29. f5 exf5 30. Nxf5 Bf8 31. Ne3 Rc1 $11 32. Nd5 Be7 33. Qe3
Bg5 34. Qxc5 b6 35. Qd6 Qc8 36. b3 Rxc3 37. Nxc3 Bf4+ 38. Rxf4 Nxf4 39. Nd5
Nxd5 40. cxd5 Qf5 41. e6 fxe6 42. dxe6 Qe4 43. b4 b5 44. Qb8+ Kh7 45. Qxb5 Qxe6
46. Qd3+ Kh8 47. a3 Qe5+ 48. Qg3 Qd4 49. h4 Kg8 50. Kh3 Qd7+ 51. Qg4 Qd3+ 52.
Qf3 Qd7+ 53. Kg3 Qd6+ 54. Kh3 Qe6+ 55. Qg4 Qe3+ 1/2-1/2

[Event "XXIII Ayto. de Erandio"]
[Site ""]
[Date "2014.12.21"]
[Round "3.2"]
[White "Nava Pereda, Carlos"]
[Black "Porras Campo, Ruben"]
[Result "1-0"]
[WhiteElo "2277"]
[BlackElo "2067"]

1. d4 Nf6 2. Nf3 g6 3. g3 Bg7 4. Bg2 O-O 5. O-O d6 6. Re1 c5 7. c3 Nc6 8. dxc5
dxc5 9. Qxd8 Rxd8 10. Be3 Nd7 11. Na3 b6 12. Nd4 cxd4 13. Bxc6 Bb7 14. Bxb7
Rab8 15. Bxd4 Bxd4 16. cxd4 Rxb7 17. Rac1 b5 18. Red1 Nf6 19. Rc5 Ne4 20. Rxb5
Rxb5 21. Nxb5 Rb8 22. a4 a6 23. Nc3 Nxc3 24. bxc3 Rc8 25. Rd3 Rc4 26. Re3 Kf8
27. a5 Ke8 28. Kf1 Kd7 29. Ke1 f6 30. g4 Ra4 31. Rh3 Rxa5 32. Rxh7 g5 33. Kd2
Ra1 34. h4 gxh4 35. Rxh4 a5 36. g5 fxg5 37. Rg4 a4 38. Rxg5 a3 39. Ra5 a2 40.
Kc2 Re1 41. Rxa2 Rxe2+ 42. Kb3 Re1 43. Kc4 Re6 44. Kd3 Rb6 45. c4 Rb3+ 46. Ke4
Rc3 47. c5 Kc6 48. Ra7 Rc1 49. d5+ Kb5 50. c6 Re1+ 51. Kf5 Rd1 52. Ke6 Re1+ 53.
Kf7 Re2 54. Rb7+ Ka6 55. Rxe7 Rxf2+ 56. Ke6 1-0

[Event "XXIII Ayto. de Erandio"]
[Site ""]
[Date "2014.12.21"]
[Round "3.3"]
[White "Sadusea, Johnny"]
[Black "Prieto Aranguren, Alain"]
[Result "1-0"]
[WhiteElo "2055"]
[BlackElo "2203"]

1. e4 c6 2. d4 d5 3. exd5 cxd5 4. Bd3 Nc6 5. c3 Nf6 6. Bg5 Ne4 7. Be3 g6 8. Nd2
Nd6 9. Ndf3 Bg7 10. Qd2 Ne4 11. Bxe4 dxe4 12. Ng5 Bf5 13. f3 exf3 14. N5xf3 Qd5
15. Ne2 e5 16. O-O h6 17. Qc1 O-O-O 18. dxe5 {...} 1-0

[Event "XXIII Ayto. de Erandio"]
[Site ""]
[Date "2014.12.21"]
[Round "3.4"]
[White "Arias Garcia, Luis Javier"]
[Black "Rodriguez Gonzalez, Alex"]
[Result "1-0"]
[WhiteElo "2186"]
[BlackElo "1963"]

1. c4 c5 2. Nf3 Nc6 3. g3 e5 4. d3 g6 5. Bg2 Bg7 6. O-O Nge7 7. Nc3 O-O 8. Bd2
d6 9. a3 Rb8 10. Rb1 f5 11. b4 b6 12. Nd5 h6 13. Ne1 Be6 14. b5 Bxd5 15. cxd5
Na5 16. Bxa5 bxa5 17. Nc2 f4 18. a4 Nf5 19. Na3 fxg3 20. hxg3 h5 21. e3 Qg5 22.
Nc4 h4 23. g4 h3 24. Bxh3 Qh4 25. Bg2 Nh6 26. f3 Nf7 27. Qe1 Qh6 28. Qg3 Bf6
29. Qh3 Bh4 30. f4 g5 31. f5 Qf6 32. Nd2 e4 33. Nxe4 Qh6 34. f6 Rbe8 35. b6
axb6 36. Rxb6 Ne5 37. Rxd6 Rf7 38. Re6 Qf8 39. d4 cxd4 40. exd4 Ng6 41. Rf5 Rb8
42. Nxg5 Qh6 43. Nxf7 Rb1+ 44. Kh2 Kxf7 45. Re4 Qc1 46. Rf1 Qc7+ 47. Kh1 Rxf1+
48. Bxf1 Qc2 49. Qe3 Bxf6 50. Re8 Nf8 51. Rb8 Qh7+ 52. Kg1 Qh8 53. Qe8+ Kg7 54.
Rb7+ 1-0

[Event "XXIII Ayto. de Erandio"]
[Site ""]
[Date "2014.12.21"]
[Round "3.5"]
[White "Lagos Lejarraga, Jon"]
[Black "Ibarretxe Campo, Lander"]
[Result "0-1"]
[WhiteElo "1838"]
[BlackElo "2065"]

1. e4 c5 2. Nf3 e6 3. d3 Nc6 4. g3 d5 5. e5 Qc7 6. Bf4 Qb6 7. Nbd2 g6 8. b3 Bg7
9. Bg2 Nge7 10. c3 O-O 11. O-O Bd7 12. Re1 a5 13. a4 f6 14. Bh3 f5 15. Bg2 Rfd8
16. Qe2 Qa6 17. h4 h6 18. Qe3 d4 19. cxd4 Nd5 20. Qe2 Nc3 21. Qe3 Nd5 22. Qe2
cxd4 23. Nc4 Nxf4 24. gxf4 Bf8 25. Kh2 Be8 26. Rg1 Nb4 27. h5 Nd5 28. Qd2 Bb4
29. Qc1 Bc3 30. hxg6 Bxa1 31. Qxa1 b5 32. Nd6 bxa4 33. Nxd4 Rxd6 34. exd6 Qxd6
35. Nxe6 Qxe6 36. Qd4 Bc6 37. Re1 Qd7 38. bxa4 Rd8 39. Qc5 Qd6 40. Qxa5 Ra8 41.
Bxd5+ Bxd5 42. Qd2 Rxa4 43. Re5 Bc6 44. Qe3 Qxg6 45. Qg3 Qxg3+ 46. fxg3 Bd7 47.
Rd5 Ra7 48. Rd6 Kg7 49. Kg2 Bb5 50. Kf2 Rd7 51. Rb6 Bxd3 52. Rc6 Be4 53. Ra6
Rd2+ 54. Ke1 Rg2 55. Ra7+ Kg6 56. Ra6+ Kh5 57. Ra3 Kg4 58. Ra6 Kxg3 59. Rxh6
Kxf4 0-1

[Event "XXIII Ayto. de Erandio"]
[Site ""]
[Date "2014.12.21"]
[Round "3.6"]
[White "Garrido Legarreta, Jose Javier"]
[Black "Ramos Samperio, Aitor"]
[Result "1-0"]
[WhiteElo "2013"]
[BlackElo "1789"]

1. d4 d5 2. c4 c6 3. Nc3 e6 4. Nf3 Nf6 5. e3 Bd6 6. Bd3 Nbd7 7. O-O O-O 8. e4
dxe4 9. Nxe4 Nxe4 10. Bxe4 Nf6 11. Bc2 Bc7 12. b3 Re8 13. Bb2 b5 14. Qe2 Bb7
15. c5 Bf4 16. g3 Bh6 17. Ne5 g6 18. f4 Bg7 19. g4 Qe7 20. Rae1 Rac8 21. Qf2
Rc7 22. Qh4 Bc8 23. f5 Qd8 24. g5 Nd5 25. f6 Bf8 26. Be4 a5 27. Bxg6 hxg6 28.
Nxg6 Bg7 29. fxg7 1-0

[Event "XXIII Ayto. de Erandio"]
[Site ""]
[Date "2014.12.21"]
[Round "3.7"]
[White "Martinez Pelaez, David"]
[Black "Gamarra Rodriguez, Victor Manuel"]
[Result "1-0"]
[WhiteElo "1920"]
[BlackElo "1618"]

1. e4 c6 2. d4 d5 3. exd5 cxd5 4. c4 Nf6 5. Nc3 Nc6 6. Nf3 g6 7. cxd5 Nxd5 8.
Bc4 Nxc3 9. bxc3 e6 10. O-O Qa5 11. Qe2 Bg7 12. Bd2 O-O 13. Rab1 Re8 14. d5 Nb8
15. dxe6 Bxe6 16. Ng5 Bxc3 17. Rb5 Qa3 18. Rb3 Qxa2 19. Rxc3 Qa5 20. Bxe6 fxe6
21. Nxh7 Kxh7 22. Rh3+ Kg8 23. Bxa5 1-0

[Event "XXIII Ayto. de Erandio"]
[Site ""]
[Date "2014.12.21"]
[Round "3.8"]
[White "Landa Moñux, Josu"]
[Black "Gomez Esteban, Juan Mario"]
[Result "0-1"]
[WhiteElo "2026"]
[BlackElo "2446"]

1. b3 d5 2. Bb2 Nf6 3. Nf3 Bf5 4. e3 Nbd7 5. Be2 h6 6. O-O e6 7. d4 Be7 8. Nbd2
O-O 9. Re1 Ne4 10. Rc1 Ba3 11. Nc4 Bxb2 12. Nxb2 Qe7 13. c4 dxc4 14. Nxc4 Rfd8
15. Bd3 c5 16. Qc2 Ndf6 17. Nfe5 cxd4 18. exd4 Nd6 19. Ne3 Bxd3 20. Qxd3 Rac8
21. h3 Nde8 22. N3c4 Nd5 23. g3 Rc7 24. Ne3 Nef6 25. Rxc7 Qxc7 26. Nxd5 Nxd5
27. Re2 Ne7 28. g4 Rc8 29. Qe4 Nd5 30. Rd2 Qc1+ 0-1

[Event "XXIII Ayto. de Erandio"]
[Site ""]
[Date "2014.12.21"]
[Round "3.9"]
[White "Alonso Alonso, Ivan"]
[Black "Cendagortagalarza Rodriguez, Jos"]
[Result "1-0"]
[WhiteElo "2133"]
[BlackElo "1747"]

1. e4 c5 2. Nf3 d6 3. d4 cxd4 4. Nxd4 Nf6 5. Nc3 g6 6. h3 Bg7 7. Bc4 O-O 8. O-O
Nc6 9. Re1 Nd7 10. Nf3 Nce5 11. Nxe5 Nxe5 12. Bb3 Bd7 13. Nd5 Rc8 14. Be3 b6
15. Qe2 Nc6 16. c3 Na5 17. Qa6 Ra8 18. Rad1 Re8 19. Qe2 Nxb3 20. axb3 Be6 21.
Qb5 Bxd5 22. exd5 Qc7 23. Ra1 Kf8 24. Ra6 Qb7 25. Rea1 Rec8 26. b4 Bf6 27. R6a2
Kg7 28. Qd3 h5 29. Bd4 Bxd4 30. Qxd4+ Kg8 31. Ra6 Qc7 32. Qd3 Qb7 33. Qd4 Qc7
34. Re1 Qb7 35. Qd3 Rc7 36. Re2 Rac8 37. Ra1 Ra8 38. f4 Qc8 39. Rae1 Qb7 40. f5
g5 41. Qf3 a5 42. Qxh5 Qxd5 43. Qxg5+ Kf8 44. Qh6+ Ke8 45. Qh8+ 1-0